Statistiken für Rhein-Erft-Kreis Städte-Quiz

Klicken Sie hier um das Quiz zu spielen!

Allgemein

  • Dieses Quiz wurde 39 mal gespielt
  • Das Durchschnittsergebnis liegt bei 8 aus 10

Antwortstatistiken

Antwort% Korrekt
Erftstadt
100%
Bergheim
94%
Kerpen
94%
Hürth
88%
Frechen
85%
Pulheim
79%
Brühl
70%
Wesseling
64%
Bedburg
61%
Elsdorf
55%

Verteilung der Resultate

Perzentil nach korrekt beantworteten Fragen

Anzahl Personen mit jedem Resultat

Ihre Resultats-Entwicklung

Sie haben dieses Quiz noch nicht gespielt